=LDR 00000nam 2200000 4500 =001 INLIS000000000038317 =005 20130612144005 =008 ***********************************Ind** =035 ##$$0010-061300000038317 =041 ##$$a Ind =082 ##$$a 641.865 4 =090 ##$$a 641.865 4, Hus p =100 ##$$a Husni, Albertin =245 ##$$a Pao mini ala Tauwan goreng marpun kukus, Oleh Albertin Hoesni; Editor, Intarina Hardiman =260 ##$$a 2011 $b Jakarta =300 ##$$a 55 hlm, Ilus, 23 cm =650 ##$$a Kue(pao) =700 ##$$a Hardiman, Intarina =850 ##$$a NBPNMAT =990 ##$$a 0153/BPAP-NTB/2015